Introduction to general topology

Saved in:
Bibliographic Details
Main Author: Cain, George L.
Format: Book
Language:English
Published: Reading, Mass. : Addison-Wesley, c1994
Subjects:
Tags: Add Tag
No Tags, Be the first to tag this record!

MARC

LEADER 00000nam a2200000 i 4500
001 1/76350
008 990504s1994 eng d
020 |a 0-201-57698-8 
035 |l 10049580 
040 |a GR-MY-UA  |b gre  |e aacr 
041 0 |a eng 
082 0 |a 514.322 
100 1 |a Cain, George L. 
245 1 0 |a Introduction to general topology /  |c George L. Cain 
260 |a Reading, Mass. :   |b Addison-Wesley,   |c c1994 
300 |a vii, 215 p.;  |c 25 cm. 
500 |a Includes bibliographical references and index 
650 0 0 |a Topology. 
852 |a INST  |b SAMOS  |e 19990504  |h 514.322 CAI  |p 005300014893  |q 005300014893  |t BK  |y 0 
852 |a INST  |b SAMOS  |e 20000120  |h 514.322 CAI  |p 005300016161  |q 005300016161  |t BK  |y 0 
901 |a BIBL3-1999-2 
901 |a BIBL3-2000-1 
909 |a Σ  |b 064518 
909 |a Σ  |b 067591 
922 |a 3ΕΛΗ  |b 199903  |c ΚΠΣ  |d GLORY 
922 |a 3ΕΛΗ  |b 199912  |c ΕΠΕΑΕΚ/ΜΑΘ  |d ΠΑΠΑΣΩΤΗΡΙΟΥ 
950 |a 116-1998-08-10 
970 |a ΠΟΥΡΝΑΡΑΣ  |b ΔΗΜΗΤΡΗΣ  |z 2000/01/20